Daňové aspekty podnikania internetového obchodu bakalárska práca

Salvato in:
Dettagli Bibliografici
Autore principale: Palijová, Nikoleta, 1995-
Ente Autore: Fakulta hospodárskej informatiky EU. Katedra účtovníctva a audítorstva
Altri autori: Benko, Ján
Natura: Libro
Lingua:slovacco
Pubblicazione: Bratislava 2017
Tags: Aggiungi Tag
Nessun Tag, puoi essere il primo ad aggiungerne!!

MARC

LEADER 00000nbm a2200000 4500
001 0233098
005 20180412141908.9
041 0 |a slo 
044 |a SK 
245 1 0 |a Daňové aspekty podnikania internetového obchodu  |b bakalárska práca  |c Nikoleta Palijová ; školiteľ: Ján Benko 
264 1 |a Bratislava  |c 2017 
300 |a 48 s. 
100 1 |a Palijová, Nikoleta, 1995- 
700 1 |a Benko, Ján 
710 2 |a Fakulta hospodárskej informatiky EU. Katedra účtovníctva a audítorstva